000 00317nam a22001457a 4500
008 221004b ||||| |||| 00| 0 eng d
020 _a9780887308512
041 _aeng
080 _a331
082 _a331 SPO
100 _a23.1
101 _aMAKRO
245 _aICE TO THE ESKIMOS
_cSPOELSTRA J
942 _2udc
_cBK
999 _c58335
_d58335